| 000 | 00362nam a2200145Ia 4500 | ||
|---|---|---|---|
| 008 | 210312s9999||||xx |||||||||||||| ||und|| | ||
| 041 | _aosm | ||
| 050 | _aPK6235 | ||
| 050 | _bD35 | ||
| 100 | _aTalibzâde Yusuf | ||
| 245 | 0 | _aZeban-amüz-ı berliç bahş-ı mukamele | |
| 245 | 0 | _bBerliç usulüyle talim-i Farisi | |
| 260 | _c1919 | ||
| 650 | _aDil--Fars dili | ||
| 999 |
_c22424 _d22424 |
||